Информационные технологии управления городом; Информационные технологии в науке, управлении, социальной сфере и медицине; Ч. 2
| Parent link: | Информационные технологии в науке, управлении, социальной сфере и медицине: сборник научных трудов Международной конференции с международным участием , 29 апреля - 2 мая 2014 г., Томск/ Национальный исследовательский Томский политехнический университет (ТПУ).— , 2014 Ч. 2.— 2014.— [С. 351-353] |
|---|---|
| المؤلف الرئيسي: | |
| مؤلف مشترك: | |
| الملخص: | Заглавие с титульного экрана The present stage of development of society can rightfully be called a time of big cities. Agglomerations, megacities, sverhgoroda, alpha city, become major players on the map big-time politics, business, culture and science. The paper examines the main challenges for management of modern city. Information technologies are used to solve these problems. Emphasizes the need for the use of technology in urban management. |
| اللغة: | الروسية |
| منشور في: |
2014
|
| سلاسل: | Информационные технологии в государственном управлении и социальной сфере |
| الموضوعات: | |
| الوصول للمادة أونلاين: | http://www.lib.tpu.ru/fulltext/c/2014/C24/V2/135.pdf |
| التنسيق: | MixedMaterials الكتروني فصل الكتاب |
| KOHA link: | https://koha.lib.tpu.ru/cgi-bin/koha/opac-detail.pl?biblionumber=608184 |
MARC
| LEADER | 00000naa2a2200000 4500 | ||
|---|---|---|---|
| 001 | 608184 | ||
| 005 | 20260318092832.0 | ||
| 035 | |a (RuTPU)RU\TPU\conf\5614 | ||
| 035 | |a RU\TPU\conf\5612 | ||
| 090 | |a 608184 | ||
| 100 | |a 20140919d2014 k y0rusy50 ca | ||
| 101 | 0 | |a rus | |
| 102 | |a RU | ||
| 135 | |a drgn ---uucaa | ||
| 181 | 0 | |a i | |
| 182 | 0 | |a b | |
| 200 | 1 | |a Информационные технологии управления городом |d Information technology of the city management |f О. Ю Матвеева | |
| 203 | |a Текст |c электронный | ||
| 225 | 1 | |a Информационные технологии в государственном управлении и социальной сфере | |
| 300 | |a Заглавие с титульного экрана | ||
| 320 | |a [Библиогр.: с. 353 (3 назв.)] | ||
| 330 | |a The present stage of development of society can rightfully be called a time of big cities. Agglomerations, megacities, sverhgoroda, alpha city, become major players on the map big-time politics, business, culture and science. The paper examines the main challenges for management of modern city. Information technologies are used to solve these problems. Emphasizes the need for the use of technology in urban management. | ||
| 337 | |a Adobe Reader | ||
| 461 | 1 | |0 (RuTPU)RU\TPU\conf\4263 |t Информационные технологии в науке, управлении, социальной сфере и медицине |o сборник научных трудов Международной конференции с международным участием , 29 апреля - 2 мая 2014 г., Томск |o в 2 ч. |f Национальный исследовательский Томский политехнический университет (ТПУ) |d 2014 | |
| 463 | 1 | |0 (RuTPU)RU\TPU\conf\4265 |t Ч. 2 |v [С. 351-353] |d 2014 | |
| 510 | 1 | |a Information technology of the city management |z eng | |
| 610 | 1 | |a труды учёных ТПУ | |
| 610 | 1 | |a электронные ресурсы | |
| 610 | 1 | |a информационные технологии | |
| 610 | 1 | |a города | |
| 610 | 1 | |a города-мегаполисы | |
| 610 | 1 | |a мегаполисы | |
| 610 | 1 | |a электронное правительство | |
| 700 | 1 | |a Матвеева |b О. Ю |c социолог |c доцент Томского политехнического университета, кандидат философских наук |f 1971- |g Ольга Юрьевна |3 (RuTPU)RU\TPU\pers\26776 |9 12419 | |
| 712 | 0 | 2 | |a Национальный исследовательский Томский политехнический университет (ТПУ) |b Институт социально-гуманитарных технологий (ИСГТ) |b Кафедра социологии, психологии и права (СОЦ) |3 (RuTPU)RU\TPU\col\18373 |
| 801 | 2 | |a RU |b 63413507 |c 20140919 |g RCR | |
| 856 | 4 | |u http://www.lib.tpu.ru/fulltext/c/2014/C24/V2/135.pdf | |
| 942 | |c BK | ||